<?xml version="1.0" encoding="UTF-8"?>
<marc:record xmlns:marc="http://www.loc.gov/MARC21/slim">
   <marc:leader>00000nam a2200000 a 4500</marc:leader>
   <marc:datafield ind1="1" ind2=" " tag="100">
      <marc:subfield code="a">Pautsch, Oliver</marc:subfield>
      <marc:subfield code="4">aut</marc:subfield>
      <marc:subfield code="e">Verfasser/-in</marc:subfield>
   </marc:datafield>
   <marc:datafield ind1=" " ind2=" " tag="653">
      <marc:subfield code="a">Erstlesealter</marc:subfield>
   </marc:datafield>
   <marc:datafield ind1=" " ind2=" " tag="653">
      <marc:subfield code="a">Vorschulalter</marc:subfield>
   </marc:datafield>
   <marc:datafield ind1=" " ind2=" " tag="653">
      <marc:subfield code="a">Antolin</marc:subfield>
   </marc:datafield>
   <marc:datafield ind1=" " ind2=" " tag="653">
      <marc:subfield code="a">Klasse-3</marc:subfield>
   </marc:datafield>
   <marc:datafield ind1="0" ind2="0" tag="245">
      <marc:subfield code="a">Sherlock Holmes, der Meisterdetektiv - der Geisterhund im          Nebelmoor</marc:subfield>
   </marc:datafield>
   <marc:datafield ind1="0" ind2="0" tag="245">
      <marc:subfield code="b">der Geisterhund im Nebelmoor</marc:subfield>
   </marc:datafield>
   <marc:datafield ind1=" " ind2="1" tag="264">
      <marc:subfield code="b">Arena</marc:subfield>
      <marc:subfield code="c">2020</marc:subfield>
   </marc:datafield>
   <marc:datafield ind1="1" ind2=" " tag="490">
      <marc:subfield code="a">Sherlock Holmes Klassiker einfach lesen</marc:subfield>
   </marc:datafield>
   <marc:datafield ind1="1" ind2=" " tag="520">
      <marc:subfield code="a">Klassiker für starke Kids
Wieder einmal sind Sherlock Holmes und sein scharfer Verstand gefragt. Denn auf rätselhafte Weise ist der Onkel von Sherlocks Assistenten Bob verschwunden. Seine Spur führt mitten hinein in eine düstere Moorlandschaft. Ausgerechnet dort treibt ein unheimlicher Hund sein Unwesen. Der Meisterdetektiv lässt sich von diesem Hokuspokus natürlich nicht aus der Ruhe bringen . oder vielleicht doch?

Abenteurer und Detektive - Klassiker einfach lesen
Der Titel ist auf Antolin.de gelistet.

Nach dem berühmten Roman von Arthur Conan Doyle - kindgerecht geschrieben und leicht zu lesen für Kinder ab 7/8 Jahren.</marc:subfield>
   </marc:datafield>
   <marc:datafield ind1=" " ind2=" " tag="020">
      <marc:subfield code="a">9783401717128</marc:subfield>
      <marc:subfield code="9">9783401717128</marc:subfield>
   </marc:datafield>
</marc:record>
